000 00377nam a2200145Ia 4500
008 240624s9999 xx 000 0 und d
041 _aeng
082 _a658.3124 BLA
100 _aBLANCHARD P NICK
245 _aEFFECTIVE TRAINING SYSTEMS STRATEGIES AN
250 _a(3rd ed.)
260 _c2009
_aNew Delhi
_bPearson
300 _axvii, : 486 : p. : cm. ; 28
365 _cRS
999 _c20834
_d20834